01811na a2200397 450000100060000000300080000600500170001400800410003103500100007204000250008204100080010708200330011509000190014811000340016722200260020124501280022724600800035524600510043526000230048630000180050944000570052749000370058450000650062150001120068661000950079861000640089365700290095765700250098674001120101174000480112374000510117183000250122294200130124795201380126099900150139820215MIRAKIL20181213154907.0170120b tu 000 0  a20215 aMilasbturcTR-AnCHP atur aCHP 324.2372026bC36ü 1999 aBROŞÜR 309 aCumhuriyet Halk Partisi (CHP) aÜye kayıt yenileme aCHP üye kayıt yenileme yönetmeliğibCHP Parti Meclisi'nin 28.08.1999 tarihli toplantısında kabul edilmiştircCHP aCHP Parti Meclisi'nin 28.08.1999 tarihli toplantısında kabul edilmiştir aCHP 1999 üye kayıt yenileme yönetmeliği aAnkara bCHPc1999 a14 s.c21 sm. aCumhuriyet Halk Partisi yayınlarıpYönetmelikler aÜye Kayıt Yenileme (ÜKY)v1 aKütüphaneciden çevrimdışı versiyonu sağlanabilir aDış kapak yapıt adı: Türkiye'ye sahip çık kaydını yenile. Üye kayıt yenileme yönetmeliği aCumhuriyet Halk Partisi (CHP)xYönetmelikler, 1999yParti üyeliğiyÜyelik yenileme aCumhuriyet Halk Partisi (CHP)xTüzük ve yönetmelikler aCHP 1999 yönetmeliği aCHP yönetmelikleri aCHP Parti Meclisi'nin 28.08.1999 tarihli toplantısında kabul edilen üye kayıt yenileme yönetmeliği aTürkiye'ye sahip çık kaydını yenile. aCHP 1999 üye kayıt yenileme yönetmeliği aCHP yönetmelikleri 2dcccBKS 51a0001b0001d2017-01-15e2f BROŞÜRLERl0oBROŞÜR 309p011471r2017-01-15 00:00:00tk.13w2017-01-15x Özgün kitapyVIS c2702d2702